[Event "Challenge"]
[Site "http://www.queenalice.com/game.php?id=1827640"]
[Date "2023.12.20"]
[Round "-"]
[White "MLSChess"]
[Black "jogo"]
[Result "1-0"]
[WhiteElo "2535"]
[BlackElo "1779"]

1. d4 Nf6 2. Nf3 g6 3. c4 Bg7 4. Nc3 d5 5. cxd5 Nxd5 6. e4 Nxc3 7. bxc3 c5 8.
Be3 cxd4 9. cxd4 a6 10. Be2 O-O 11. O-O Nc6 12. d5 Bxa1 13. Qxa1 Nb8 14. Bh6 Re8
15. Qg7# 1-0

[Event "AUTO-OPEN-4379"]
[Site "http://www.queenalice.com/game.php?id=1829802"]
[Date "2024.1.20"]
[Round "3"]
[White "zhiii00"]
[Black "MLSChess"]
[Result "0-1"]
[WhiteElo "2385"]
[BlackElo "2531"]

1. d4 Nf6 2. c4 e6 3. Nc3 Bb4 4. e3 O-O 5. Ne2 d5 6. a3 Be7 7. Ng3 c5 8. dxc5
dxc4 9. Qc2 Qc7 10. Bxc4 Nbd7 11. Ba2 Nxc5 12. O-O a5 13. Bd2 b6 14. b4 axb4 15.
axb4 Na6 16. Qb3 Nxb4 17. Nb5 Qc5 18. Bxb4 Qxb4 0-1

[Event "AUTO-OPEN-4379"]
[Site "http://www.queenalice.com/game.php?id=1829803"]
[Date "2024.1.20"]
[Round "3"]
[White "MLSChess"]
[Black "zhiii00"]
[Result "1-0"]
[WhiteElo "2536"]
[BlackElo "2377"]

1. e4 c5 2. Nf3 Nc6 3. Bb5 g6 4. O-O Bg7 5. Re1 Nh6 6. c3 O-O 7. h3 f6 8. d4
cxd4 9. cxd4 Nf7 10. Be3 d5 11. Nc3 dxe4 12. Nxe4 Nd6 13. Nxd6 Qxd6 14. d5 Ne5
15. Rc1 b6 16. Nxe5 fxe5 17. Rc6 Qd8 18. d6 exd6 19. Rxd6 1-0

[Event "AUTO-OPEN-4379"]
[Site "http://www.queenalice.com/game.php?id=1829806"]
[Date "2024.1.20"]
[Round "3"]
[White "cerenzo72"]
[Black "MLSChess"]
[Result "0-1"]
[WhiteElo "2044"]
[BlackElo "2542"]

1. e4 e5 2. Nf3 Nc6 3. Bb5 Nf6 4. O-O Nxe4 5. Bxc6 dxc6 6. Nxe5 Be7 7. d3 Nd6 8.
Nc3 O-O 9. b3 f6 10. Ng4 Nf7 11. Bb2 f5 12. Ne3 Bf6 13. Rb1 f4 14. Ng4 Bd4 15.
Ne4 Bxb2 16. Rxb2 h5 17. Ngf6+ gxf6 18. Qxh5 Kg7 19. Qf3 f5 20. Nd2 Qd6 21. Nc4
Qh6 22. d4 Rh8 23. h3 Be6 24. Nd2 Bd5 25. Qe2 Bxg2 0-1

[Event "AUTO-OPEN-4379"]
[Site "http://www.queenalice.com/game.php?id=1829807"]
[Date "2024.1.20"]
[Round "3"]
[White "MLSChess"]
[Black "cerenzo72"]
[Result "1-0"]
[WhiteElo "2541"]
[BlackElo "2046"]

1. e4 e5 2. Nf3 d6 3. d4 exd4 4. Nxd4 g6 5. Nc3 Bg7 6. Be3 Nf6 7. Qd2 O-O 8.
O-O-O Ng4 9. Bg5 Qe8 10. f3 Ne5 11. h4 f6 12. Be3 Nbc6 13. Ndb5 Qe7 14. Nd5 Qf7
15. Nbxc7 Rb8 16. h5 gxh5 17. Bh6 Qg6 18. Bxg7 Kxg7 19. Nf4 Qf7 20. Ncd5 Be6 21.
Nxh5+ Kh8 22. Nhxf6 Bxd5 23. Qh6 1-0

[Event "AUTO-OPEN-4379"]
[Site "http://www.queenalice.com/game.php?id=1829808"]
[Date "2024.1.20"]
[Round "3"]
[White "bishop55"]
[Black "MLSChess"]
[Result "1-0"]
[WhiteElo "2543"]
[BlackElo "2553"]

1. d4 Nf6 2. c4 e6 3. Nf3 c5 4. d5 d6 5. Nc3 exd5 6. cxd5 g6 7. e4 Bg7 8. Nd2
O-O 9. Be2 Re8 10. O-O a6 11. a4 Nbd7 12. h3 Rb8 13. Re1 h6 14. a5 Qe7 15. Qc2
g5 16. Nf1 Ne5 17. Bd2 g4 18. hxg4 Nfxg4 19. Nd1 Qh4 20. Ra3 b5 21. Rh3 Qe7 22.
Ng3 Nc4 23. Bf4 Rb7 24. b3 Nce5 25. Bd2 Nf6 26. Rh1 Ng6 27. Bf3 c4 28. bxc4 b4
29. Qb3 Nd7 30. Nf5 Qe5 31. Nxg7 Nc5 32. Qb2 Qxg7 33. Qxg7+ Kxg7 34. Nb2 Rh8 35.
Bh5 Bd7 36. Bxg6 Kxg6 37. Bf4 Na4 38. Nxa4 Bxa4 39. Bxd6 b3 40. Be5 b2 41. Bxh8
b1=Q 42. Rxb1 Rxb1+ 43. Kh2 Rxh1+ 44. Kxh1 f5 45. exf5+ Kxf5 46. Kh2 Bb3 47. d6
Ba4 48. Bb2 Ke6 49. Ba3 h5 50. Kg3 Bc6 51. f3 Be8 52. Kf4 Kf6 53. c5 Ba4 54.
Bb2+ Kf7 55. Kg5 Bc6 56. Kxh5 Ke8 57. Bd4 Kd7 58. Kg4 Ke6 59. g3 Kd5 60. Bg1 Ba4
61. f4 Bd7+ 62. Kg5 Ke6 63. g4 Be8 64. f5+ Kf7 65. Kf4 Bb5 66. g5 Ke8 67. Ke5
Kf7 68. g6+ Kg7 69. Bd4 Ba4 70. Ke6+ Kh6 71. d7 Bxd7+ 72. Kxd7 Kg5 73. g7 Kxf5
74. g8=Q Ke4 75. Qg4+ Kd3 76. Kc6 Kc4 77. Qd1 Kb4 78. Kd5 Ka3 79. Kc4 Ka2 80.
Qa1# 1-0

[Event "AUTO-OPEN-4379"]
[Site "http://www.queenalice.com/game.php?id=1829809"]
[Date "2024.1.20"]
[Round "3"]
[White "MLSChess"]
[Black "bishop55"]
[Result "0-1"]
[WhiteElo "2542"]
[BlackElo "2548"]

1. e4 c5 2. Nf3 d6 3. d4 cxd4 4. Nxd4 Nf6 5. Nc3 a6 6. Bg5 e6 7. f4 Qb6 8. Qd2
Qxb2 9. Nb3 Qa3 10. Bd3 Be7 11. O-O h6 12. Bxf6 Bxf6 13. e5 dxe5 14. Ne4 Nc6 15.
Nxf6+ gxf6 16. Be4 Bd7 17. fxe5 f5 18. Bf3 Rc8 19. Rad1 Qe7 20. Rfe1 Rc7 21. c4
Kf8 22. Qc3 Kg7 23. Rd6 Kh7 24. c5 Qg5 25. Red1 Be8 26. Kh1 Rg8 27. Re1 Bd7 28.
g3 Rgc8 29. Rg1 Qg7 30. g4 Rg8 31. Re1 fxg4 32. Bg2 Kh8 33. Nd2 g3 34. h3 Ne7
35. Rd4 Nf5 36. Rg4 Qf8 37. Ne4 Bc6 38. Nf6 Bxg2+ 39. Kxg2 Rg6 40. Ne4 b6 41. c6
Ne7 42. Rd1 Rxc6 43. Qa3 Rc2+ 44. Kg1 Kg7 45. Rxg3 Rxg3+ 46. Qxg3+ Kh8 47. a3
Nf5 48. Qf3 Qg7+ 49. Qg4 Qxg4+ 50. hxg4 Nh4 51. Rf1 Rg2+ 52. Kh1 Rxg4 53. Nf6
Rg5 54. Ne8 Rf5 55. Rb1 b5 56. Nd6 Rf2 57. Kg1 Rf4 58. Nb7 Nf3+ 59. Kg2 Nxe5 60.
Nc5 Rg4+ 61. Kf2 Rc4 62. Nxa6 Rc6 63. Nb4 Rc3 64. Ke2 Rxa3 65. Rh1 Kg7 66. Nc2
Rc3 67. Rg1+ Kf6 68. Rf1+ Ke7 69. Ne3 h5 70. Rb1 Rc5 71. Ng2 Nc6 72. Ke3 b4 73.
Kd2 Rg5 74. Ne3 h4 75. Rh1 Ne5 76. Ke2 Rh5 77. Rh3 Ng6 78. Kf2 Ra5 79. Rh1 Ra2+
80. Kf3 f5 81. Nc4 b3 82. Ke3 Rc2 83. Na3 Rc3+ 84. Kd4 Rg3 85. Nc4 h3 86. Nb2
Kf6 87. Nc4 e5+ 88. Kc5 Nf4 89. Kd6 e4 90. Ne5 e3 91. Nd7+ Kg5 92. Nc5 e2 93.
Re1 h2 94. Rh1 b2 95. Rb1 Rc3 96. Rh1 Rc1 0-1

[Event "AUTO-OPEN-4372"]
[Site "http://www.queenalice.com/game.php?id=1836964"]
[Date "2024.5.16"]
[Round "3"]
[White "MLSChess"]
[Black "CHESS1969"]
[Result "0-1"]
[WhiteElo "2538"]
[BlackElo "2688"]

1. e4 c5 2. Nc3 d6 3. g3 g6 4. Bg2 Bg7 5. Nge2 Nc6 6. d3 e5 7. O-O Nge7 8. f4
O-O 9. h3 Nd4 10. Kh2 Be6 11. f5 gxf5 12. Nxd4 cxd4 13. exf5 Bxf5 14. Nd5 Nxd5
15. Rxf5 Ne7 16. Rf2 Qb6 17. b3 Rae8 18. Qh5 d5 19. Ba3 Qg6 20. Qxg6 hxg6 21. h4
f5 22. Bxe7 Rxe7 23. Bxd5+ Kh7 24. g4 Rd8 25. Bc4 e4 26. gxf5 gxf5 27. Rxf5 e3
28. Kg2 Bh6 29. Re1 Kg6 30. Rf3 b6 31. a4 Rf8 32. Rxf8 Bxf8 33. Kf3 Bg7 34. Ke2
Kh5 35. Rh1 Rc7 36. Kd1 Bf6 37. Rf1 Bxh4 38. Rf4 Re7 39. Ke2 Rd7 40. Rf7 Rxf7
41. Bxf7+ Kg5 42. Bd5 Kf5 43. Bb7 Ke5 44. Bc6 Kd6 45. Bb5 Kc5 46. Kd1 Kb4 47.
Be8 Ka3 48. Bc6 Be7 49. Be8 Kb2 50. Bd7 Bb4 51. Bc8 Bc3 52. Bd7 Ba5 53. Bc6 Ka3
54. Bd5 Kb4 55. Bf7 Kc3 56. Be8 Bb4 57. Bc6 Ba3 58. Bb5 a5 59. Bc4 Kb4 60. Bb5
Kc3 61. Bc6 Bd6 62. Bd7 Be7 63. Be6 Kb4 64. Bd5 b5 65. Bc6 bxa4 66. Bxa4 Kc3 67.
Bd7 Bg5 68. Be6 Kb4 69. Bh3 Kc5 70. Bf1 Kd5 71. Be2 Kc5 72. Bg4 Kb4 73. Bd7 Be7
74. Bc8 a4 75. bxa4 Kxa4 76. Bd7+ Kb4 77. Bg4 Kc5 78. c3 dxc3 79. d4+ Kxd4 0-1

[Event "AUTO-OPEN-4372"]
[Site "http://www.queenalice.com/game.php?id=1836965"]
[Date "2024.5.16"]
[Round "3"]
[White "CHESS1969"]
[Black "MLSChess"]
[Result "1-0"]
[WhiteElo "2688"]
[BlackElo "2534"]

1. Nf3 g6 2. e4 Bg7 3. d4 d6 4. Nc3 Nf6 5. Be3 c6 6. a4 O-O 7. Be2 Nbd7 8. O-O
Qc7 9. Qd2 b6 10. Ng5 Bb7 11. f4 h6 12. Nh3 e6 13. e5 Ne8 14. Rad1 Rc8 15. Bf3
Rd8 16. Bf2 f5 17. Bh4 Rb8 18. Rfe1 Kh7 19. Qe2 Rf7 20. g4 fxg4 21. Bxg4 Nf8 22.
Nf2 d5 23. Qd3 c5 24. Rd2 Rc8 25. Nh3 a6 26. Kh1 Bh8 27. Rg2 Ng7 28. Ne2 Nf5 29.
Bxf5 exf5 30. Nhg1 Qd7 31. Qh3 Kg8 32. Nf3 Rc6 33. Reg1 Bg7 34. Bf6 Bxf6 35.
exf6 Rfxf6 36. Qxh6 Qh7 37. Qg5 Qh8 38. Ne5 Rc7 39. c3 Bc8 40. Qg3 Qh6 41. h4
Qh5 42. Rh2 Ne6 43. Qd3 Rh7 44. Qd2 Kf8 45. a5 cxd4 46. cxd4 bxa5 47. Rg5 Qh6
48. h5 Qg7 49. Rgg2 Bd7 50. h6 Qe7 51. Nxg6+ Rxg6 52. Rxg6 Kf7 53. Rgg2 Qf6 54.
Qxa5 Bb5 55. Qb6 Rxh6 56. Rxh6 Qxh6+ 57. Rh2 Qg7 58. Qb7+ Kf6 59. Qxd5 Bd3 60.
Qe5+ Ke7 61. Qxg7+ Nxg7 62. Kg1 Ne8 63. Nc3 Nf6 64. Rh3 Bc4 65. Kf2 Ng4+ 66. Ke1
Nf6 67. Re3+ Kd6 68. Re5 Be6 69. Kd2 Bd7 70. Ra5 Bc8 71. b4 Nh5 72. Rd5+ Ke7 73.
Rc5 Be6 74. Ke3 Bd7 75. Ra5 Bc8 76. Nd5+ Kd6 77. Nb6 Be6 78. d5 Bg8 79. Rc5 Nf6
80. Rc6+ Ke7 81. d6+ Kf8 82. d7 Nxd7 83. Nxd7+ Ke7 84. Ne5 Kd8 85. Kd4 1-0

[Event "kasker -2"]
[Site "http://www.queenalice.com/game.php?id=1838796"]
[Date "2024.6.17"]
[Round "1"]
[White "MLSChess"]
[Black "artur59"]
[Result "1-0"]
[WhiteElo "2543"]
[BlackElo "2580"]

1. c4 Nf6 2. g3 e6 3. Bg2 d5 4. Nf3 Be7 5. O-O O-O 6. d4 dxc4 7. Qc2 a6 8. a4
Bd7 9. Qxc4 Bc6 10. Bf4 Bd6 11. Bg5 Nbd7 12. Nc3 h6 13. Bxf6 Nxf6 14. Rfe1 Bd5
15. Qd3 Bxf3 16. Bxf3 c6 17. Red1 1-0

[Event "Challenge"]
[Site "http://www.queenalice.com/game.php?id=1839001"]
[Date "2024.6.21"]
[Round "-"]
[White "MLSChess"]
[Black "erminius"]
[Result "0-1"]
[WhiteElo "2552"]
[BlackElo "2511"]

1. c4 e6 2. g3 Nc6 3. Bg2 d5 4. d4 dxc4 5. Nf3 Rb8 6. O-O Nf6 7. Nc3 b5 8. Ne5
Nxe5 9. dxe5 Nd7 10. Qd4 c5 11. Qf4 Bb7 12. Ne4 Be7 13. Qg4 Kf8 14. a4 b4 15.
Qf4 h6 16. Nd6 Bxd6 17. exd6 Bd5 18. e4 e5 19. Qf3 Be6 20. a5 Rb5 21. Qh5 Kg8
22. f4 Rxa5 23. Rxa5 Qxa5 24. Qh4 c3 25. bxc3 bxc3 26. Qe7 Qa4 27. f5 Qd4+ 28.
Kh1 Bc4 29. Qxd7 Bxf1 30. Bxf1 Qd1 31. Kg2 Qxc1 32. Bc4 Kh7 33. Bxf7 Rb8 34.
Bg6+ Kh8 35. f6 Rb2+ 36. Kh3 Qf1+ 37. Kg4 Qd1+ 38. Kh3 Qf1+ 39. Kg4 h5+ 40. Bxh5
Qe2+ 41. Kg5 Qe3+ 42. Kf5 Rf2+ 43. Ke6 Rxf6+ 44. Ke7 Qg5 45. Qg4 Qxg4 46. Bxg4
Rxd6 47. Kxd6 c2 48. Kxc5 c1=Q+ 49. Kd5 Qd2+ 50. Kxe5 Qxh2 0-1

[Event "W. Lewis 3"]
[Site "http://www.queenalice.com/game.php?id=1845277"]
[Date "2024.10.14"]
[Round "-"]
[White "zubarev"]
[Black "MLSChess"]
[Result "0-1"]
[WhiteElo "1932"]
[BlackElo "2545"]

1. d4 Nf6 2. Nc3 d5 3. Nf3 e6 4. e3 a6 5. Ne5 c5 6. f4 b5 7. g3 Bb7 8. Bg2 Nc6
9. O-O Bd6 10. Qf3 cxd4 11. Ne2 Bxe5 12. fxe5 Nxe5 13. Qf4 Ng6 14. Qf3 dxe3 15.
Bxe3 O-O 16. Bf2 Rc8 17. c3 Ne5 18. Qe3 Ne4 19. Bxe4 dxe4 20. Nd4 Qd5 21. a3 Ng4
22. Qe2 e3 23. Qxg4 Qg2# 0-1

[Event "J. Mouret 4"]
[Site "http://www.queenalice.com/game.php?id=1845278"]
[Date "2024.10.14"]
[Round "-"]
[White "MLSChess"]
[Black "zubarev"]
[Result "1-0"]
[WhiteElo "2544"]
[BlackElo "1934"]

1. e4 e5 2. Nf3 Nc6 3. Bb5 d6 4. Nc3 Bd7 5. d4 Be7 6. Bxc6 Bxc6 7. dxe5 dxe5 8.
Qxd8+ Rxd8 9. Nxe5 Nf6 10. Nxc6 bxc6 11. f3 O-O 12. Be3 Nd7 13. O-O-O Nb6 14.
Rxd8 Rxd8 15. Rd1 Re8 16. Bf4 h6 17. Bxc7 Nc4 18. Rd3 Bg5+ 19. f4 Be7 20. e5 Bc5
21. b3 Ne3 22. b4 1-0

[Event "Let's Play Chess! 17"]
[Site "http://www.queenalice.com/game.php?id=1845428"]
[Date "2024.10.14"]
[Round "-"]
[White "zubarev"]
[Black "MLSChess"]
[Result "0-1"]
[WhiteElo "1877"]
[BlackElo "2543"]

1. d4 Nf6 2. Nc3 d5 3. Nf3 e6 4. e3 a6 5. Bd3 c5 6. dxc5 Nbd7 7. b4 a5 8. bxa5
Nxc5 9. O-O Qxa5 10. Bb2 Bd7 11. Ne5 Be7 12. Be2 Bc6 13. f4 O-O 14. Ng4 Nxg4 15.
Bxg4 Bf6 16. Qe1 Ne4 17. Nxe4 Bxb2 18. Rb1 Qxe1 0-1

[Event "Challenge"]
[Site "http://www.queenalice.com/game.php?id=1845437"]
[Date "2024.10.14"]
[Round "-"]
[White "MLSChess"]
[Black "danielglowinski"]
[Result "1-0"]
[WhiteElo "2528"]
[BlackElo "2467"]

1. e4 e5 2. Nf3 Nc6 3. Bb5 a6 4. Ba4 Nf6 5. O-O b5 6. Bb3 Be7 7. d4 d6 8. dxe5
dxe5 9. Qxd8+ Bxd8 10. a4 Bb7 11. axb5 axb5 12. Rxa8 Bxa8 13. Re1 O-O 14. Nc3 b4
15. Nd5 Na5 16. Ba2 Nxd5 17. exd5 e4 18. Rxe4 b3 19. cxb3 Bxd5 20. Re5 c6 21. b4
Nc4 22. Re2 Bxf3 23. gxf3 Nd6 24. Rc2 Nf5 25. Rxc6 Nd4 26. Rc4 Nxf3+ 27. Kg2
Ne1+ 28. Kf1 Nd3 29. Bd2 Ne5 30. Rc5 Nd7 31. Rc6 Ne5 32. Ra6 Bc7 33. Bc3 Ng6 34.
h3 Rd8 35. b5 Kf8 36. Bb4+ Ke8 37. b6 Bb8 38. Bb3 Rd4 39. Bc5 Rd3 40. Bc4 Rd1+
41. Ke2 Rc1 42. b3 Kd7 43. Ra8 Bf4 44. Bb5+ Ke6 45. b4 Rc2+ 46. Kd3 1-0

[Event "Challenge"]
[Site "http://www.queenalice.com/game.php?id=1845438"]
[Date "2024.10.14"]
[Round "-"]
[White "boilermaker1234"]
[Black "MLSChess"]
[Result "0-1"]
[WhiteElo "2435"]
[BlackElo "2547"]

1. d4 Nf6 2. c4 e6 3. Nf3 d5 4. Nc3 Bb4 5. Qa4+ Nc6 6. e3 O-O 7. Bd2 dxc4 8.
Bxc4 Bd6 9. O-O e5 10. d5 Ne7 11. e4 a6 12. Bg5 Ng6 13. Qc2 h6 14. Be3 Nh5 15.
Qd2 f5 16. exf5 Bxf5 17. Bd3 Qd7 18. Bxf5 Qxf5 19. Qe2 Rae8 20. Rad1 b5 21. a3
a5 22. Qxb5 Nhf4 23. Ne1 e4 24. g3 Nh3+ 25. Kg2 Ne5 26. Rd4 Ng4 27. Qe2 Qh5 28.
Qxg4 Qxg4 0-1

[Event "Let's Play Chess!"]
[Site "http://www.queenalice.com/game.php?id=1845439"]
[Date "2024.10.15"]
[Round "-"]
[White "MLSChess"]
[Black "sorim1"]
[Result "1-0"]
[WhiteElo "2546"]
[BlackElo "1714"]

1. e4 c6 2. d4 d5 3. Nd2 dxe4 4. Nxe4 Nf6 5. Nxf6+ exf6 6. c3 Be7 7. Bd3 O-O 8.
Ne2 Bg4 9. Qc2 h6 10. h3 Bh5 11. Nf4 Qa5 12. b4 Qg5 13. h4 1-0

[Event "kasker -2"]
[Site "http://www.queenalice.com/game.php?id=1862150"]
[Date "2025.8.25"]
[Round "2"]
[White "MLSChess"]
[Black "RaulSoft2"]
[Result "1/2-1/2"]
[WhiteElo "2538"]
[BlackElo "2521"]

1. e4 e5 2. Nf3 Nc6 3. Bb5 Nge7 4. O-O Ng6 5. d4 exd4 6. Nxd4 Bc5 7. Nf5 O-O 8.
Be3 Bxe3 9. Nxe3 Nce7 10. Qd2 d6 11. Bd3 c6 12. Rd1 Qb6 13. Nc3 Be6 14. a4 Rad8
15. Bf1 Qc7 16. a5 f5 17. Nxf5 Nxf5 18. exf5 Bxf5 19. Ne2 d5 20. Nd4 Bd7 21. b4
Ne5 22. h3 Rf6 23. Ra3 Rdf8 24. f3 Kh8 25. Re3 Ng6 26. Rde1 Nf4 27. Ne2 Ng6 28.
Nd4 Nf4 29. Ne2 Ng6 30. Nd4 1/2-1/2

[Event "AUTO-ELITE-2616"]
[Site "http://www.queenalice.com/game.php?id=1870855"]
[Date "2026.3.24"]
[Round "1"]
[White "MLSChess"]
[Black "tucuman10"]
[Result "1-0"]
[WhiteElo "2536"]
[BlackElo "2386"]

1. e4 e6 2. d4 d5 3. e5 Nc6 4. c3 f6 5. Nf3 fxe5 6. Nxe5 Nxe5 7. dxe5 g6 8. Nd2
Nh6 9. h4 c5 10. Nf3 Nf7 11. Bd3 Bd7 12. Qe2 a6 13. h5 g5 14. Nh2 Qc7 15. Ng4
O-O-O 16. O-O c4 17. Bc2 Kb8 18. Be3 Nxe5 19. Nxe5 Be8 20. Rae1 Bd6 21. Bd4 Rf8
22. Qg4 h6 23. Bg6 Rf4 24. Qxe6 Rf8 25. Bxe8 Rfxe8 26. Nd7+ 1-0